Siêu âm tim thực hành : bệnh tim bẩm sinh và mắc phải

Cuốn sách này là phương tiện chẩn đoán hình ảnh, phương tiện tiếp cận lâm sàng giúp hiểu rõ không chỉ cấu trúc mà cả sinh lý quả tim và mạch máu. Hiện nay là phương tiện chẩn đoán không thể thiếu được của thầy thuốc tim mạch và nội k...

पूर्ण विवरण

में बचाया:
ग्रंथसूची विवरण
अन्य लेखक: Đỗ Văn Bửu Đan (Biên soạn), Trần Vũ Minh Thư (Biên soạn), Hồ Minh Tuân (Biên soạn)
स्वरूप: पुस्तक
भाषा:Vietnamese
प्रकाशित: TP. Hồ Chí Minh Đại học Quốc gia TP. Hồ Chí Minh 2021
संस्करण:Tái bản lần thứ nhất, có chỉnh sửa và bổ sung
विषय:
टैग : टैग जोड़ें
कोई टैग नहीं, इस रिकॉर्ड को टैग करने वाले पहले व्यक्ति बनें!
Thư viện lưu trữ: Thư viện Trường Đại học Nam Cần Thơ
LEADER 01443nam a2200229 4500
001 NCT_141701
008 171006b xxu||||| |||| 00| 0 vie d
999 |c 7294  |d 7294 
020 |a 9786047382309  |c 720000 
082 0 4 |2 23rd ed.  |a 616.1  |b V312 
245 1 0 |a Siêu âm tim thực hành :  |b bệnh tim bẩm sinh và mắc phải  |c Phạm Nguyễn Vinh (Biên soạn) [ et al.] 
250 |a Tái bản lần thứ nhất, có chỉnh sửa và bổ sung 
260 |a TP. Hồ Chí Minh  |b Đại học Quốc gia TP. Hồ Chí Minh  |c 2021 
300 |a 298 tr.  |b Minh họa  |c 30cm 
520 3 |a Cuốn sách này là phương tiện chẩn đoán hình ảnh, phương tiện tiếp cận lâm sàng giúp hiểu rõ không chỉ cấu trúc mà cả sinh lý quả tim và mạch máu. Hiện nay là phương tiện chẩn đoán không thể thiếu được của thầy thuốc tim mạch và nội khoa,... 
653 |a  Kỹ thuật hình ảnh y học 
700 1 |a Đỗ Văn Bửu Đan  |e Biên soạn 
700 1 |a Trần Vũ Minh Thư  |e Biên soạn 
700 1 |a Hồ Minh Tuân  |e Biên soạn 
942 |2 ddc  |c BK 
952 |0 0  |1 0  |2 ddc  |4 0  |6 616_100000000000000_V312  |7 0  |9 26304  |a 000001  |b 000001  |d 2022-09-29  |o 616.1 V312  |p MD.20777  |r 2022-09-29  |v 720000.00  |w 2022-09-29  |y BK 
980 |a Thư viện Trường Đại học Nam Cần Thơ